Revista de derecho laboral 2019 - 2 : crisis económica, crisis en la empresa y relaciones de trabajo /
Guardado en:
| Formato: | Libro |
|---|---|
| Idioma: | Spanish |
| Publicado: |
Santa Fe :
Rubinzal - Culzoni,
2019.
|
| Edición: | 1a. ed. |
| Materias: | |
| Etiquetas: |
Agregar Etiqueta
Sin Etiquetas, Sea el primero en etiquetar este registro!
|
| LEADER | 00552nam a22001575a 4500 | ||
|---|---|---|---|
| 001 | DER.der014560 | ||
| 008 | 200206s2019####ag#####|###|#|######spa|| | ||
| 005 | 20250530145740.0 | ||
| 245 | 1 | 0 | |a Revista de derecho laboral 2019 - 2 : |b crisis económica, crisis en la empresa y relaciones de trabajo / |c dirigido por Mario E. Ackerman. |
| 250 | |a 1a. ed. | ||
| 260 | |a Santa Fe : |b Rubinzal - Culzoni, |c 2019. | ||
| 300 | |a 656 p. | ||
| 020 | |a 978987304123 | ||
| 100 | 1 | |a Ackerman, Mario E., |e dir. | |
| 650 | 7 | |a DERECHO LABORAL | |
| 859 | |a DERECHO |b BIB. DERECHO |h 344.01 |i REV |p 009848 | ||
